000 00971nas a2200277 4500
001 BR8708681
003 BR-BrBNA
005 20231205091008.0
007 ta
008 230509b bl.|||p| |||| 00| 00por d
040 _aBR-BrBNA
_bpor
_cBiblioteca Nacional de Agricultura
041 _a(Pt)
072 _aF04
100 1 _aGoepfert, C.F.
100 1 _aTedesco, A.
245 1 _aEfeito de fontes, niveis de fosforo e granulometria de fosfatos naturais sobre o rendimento de graos de colza e de soja [Rio Grande do Sul]
246 1 _aEffect of sources, levels of phosphorus and particle size of rock phosphates on grain yield of rapesseed and soybean
650 _aCOLZA
650 _aSOJA
650 _aFERTILIZANTE FOSFATADO
650 _aADUBACAO
650 _aRIO GRANDE DO SUL
773 0 _tAgronomia Sulriograndense (Brazil)
_xISSN 0400-8111
_g(1986), v. 22(1) p. 53-59
_wBR8708681
909 _a202311
_bLúcia
_c55
_dLúcia Elande
942 _2AGRIS
_n0
_cANA
999 _c122106
_d122106